دليل التعليم العالي / (Record no. 694)

MARC details
000 -LEADER
fixed length control field 00837nam a2200181 a 4500
001 - CONTROL NUMBER
control field 694
005 - DATE AND TIME OF LATEST TRANSACTION
control field 20221127090013.0
008 - FIXED-LENGTH DATA ELEMENTS--GENERAL INFORMATION
fixed length control field 050920s lsu a r o00000 ara d
035 ## - SYSTEM CONTROL NUMBER
System control number 707
082 04 - DEWEY DECIMAL CLASSIFICATION NUMBER
Classification number 378.0025531
Item number س403 دع
110 0# - MAIN ENTRY--CORPORATE NAME
Corporate name or jurisdiction name as entry element السعودية.
Subordinate unit وزارة التعليم العالي.
-- وكالة الوزارة للعلاقات الثقافية.
245 10 - TITLE STATEMENT
Title دليل التعليم العالي /
Statement of responsibility, etc. اعداد وكالة الوزارة للعلاقات الثقافية، وزارة التعليم العالي.
260 ## - PUBLICATION, DISTRIBUTION, ETC.
Place of publication, distribution, etc. الرياض :
Name of publisher, distributor, etc. وزارة التعليم العالي،
Date of publication, distribution, etc. 2005.
300 ## - PHYSICAL DESCRIPTION
Extent 388 ص. :
Other physical details ايض ملونة ؛
Dimensions 21 سم.
500 ## - GENERAL NOTE
General note الاصدار الاول.
650 #4 - SUBJECT ADDED ENTRY--TOPICAL TERM
Topical term or geographic name entry element التعليم العالي
Geographic subdivision السعودية
Form subdivision ادلة
650 #4 - SUBJECT ADDED ENTRY--TOPICAL TERM
Topical term or geographic name entry element الجامعات والكليات
Geographic subdivision السعودية.
Holdings
Withdrawn status Lost status Damaged status Not for loan Home library Current library Date acquired Total Checkouts Full call number Barcode Date last seen Copy number Price effective from Koha item type
        CENTRAL CENTRAL 11/27/2022   378.0025531 س403 دغ 1000000005398 11/27/2022 C1 11/27/2022 Reference